Top 50 Baby Girl Names by Decade (1900-1990) - Statistics

General Stats
  • This quiz has been taken 10,689 times
  • The average score is 316 of 500
Answer Stats
Answer % Correct
1900 1 M Mary
98%
1910 1 M Mary
98%
1920 1 M Mary
98%
1930 1 M Mary
98%
1940 1 M Mary
98%
1950 1 M Mary
98%
1960 2 M Mary
98%
1970 15 M Mary
98%
1980 35 M Mary
98%
1990 39 M Mary
98%
1910 44 A Ann
95%
1930 34 A Ann
95%
1940 37 A Ann
95%
1950 41 A Ann
95%
1900 6 E Elizabeth
94%
1910 8 E Elizabeth
94%
1930 17 E Elizabeth
94%
1950 21 E Elizabeth
94%
1960 17 E Elizabeth
94%
1970 12 E Elizabeth
94%
1980 9 E Elizabeth
94%
1990 8 E Elizabeth
94%
1920 11 E Elizabeth
92%
1940 25 E Elizabeth
92%
1900 4 A Anna
90%
1910 7 A Anna
90%
1920 13 A Anna
90%
1930 32 A Anna
90%
1990 35 A Anna
90%
1900 21 E Emma
89%
1910 41 E Emma
89%
1960 20 J Jennifer
88%
1970 1 J Jennifer
88%
1980 2 J Jennifer
88%
1990 16 J Jennifer
88%
1970 50 S Sara
88%
1980 30 S Sara
88%
1990 43 S Sara
88%
1900 44 S Sarah
88%
1910 50 S Sarah
88%
1970 19 S Sarah
88%
1980 5 S Sarah
88%
1990 4 S Sarah
88%
1900 28 C Catherine
87%
1910 20 C Catherine
87%
1920 27 C Catherine
87%
1930 39 C Catherine
87%
1940 45 C Catherine
87%
1950 32 C Catherine
87%
1980 25 E Emily
87%
1990 3 E Emily
87%
1970 11 J Jessica
87%
1980 1 J Jessica
87%
1990 1 J Jessica
87%
1980 32 K Katherine
87%
1990 27 K Katherine
87%
1980 49 K Kathryn
87%
1900 3 M Margaret
87%
1910 4 M Margaret
87%
1920 5 M Margaret
87%
1930 8 M Margaret
87%
1940 13 M Margaret
87%
1950 23 M Margaret
87%
1930 47 J Jane
86%
1940 40 J Jane
86%
1900 2 H Helen
85%
1910 2 H Helen
85%
1920 3 H Helen
85%
1930 10 H Helen
85%
1940 32 H Helen
85%
1900 49 L Laura
85%
1950 38 L Laura
85%
1960 16 L Laura
85%
1970 20 L Laura
85%
1980 23 L Laura
85%
1990 49 L Laura
85%
1990 11 H Hannah
84%
1960 49 M Maria
84%
1970 35 M Maria
84%
1980 48 M Maria
84%
1990 47 M Maria
84%
1970 33 R Rachel
84%
1980 16 R Rachel
84%
1990 15 R Rachel
84%
1990 19 V Victoria
84%
1900 17 R Rose
83%
1910 16 R Rose
83%
1920 24 R Rose
83%
1930 36 R Rose
83%
1920 30 P Patricia
82%
1930 5 P Patricia
82%
1940 4 P Patricia
82%
1950 3 P Patricia
82%
1960 6 P Patricia
82%
1970 30 P Patricia
82%
1930 11 C Carol
81%
1940 5 C Carol
81%
1950 16 C Carol
81%
1960 38 C Carol
81%
1940 10 S Susan
81%
1950 4 S Susan
81%
1960 3 S Susan
81%
1970 27 S Susan
81%
1930 7 J Joan
80%
1940 24 J Joan
80%
1950 45 J Joan
80%
1940 2 L Linda
80%
1950 2 L Linda
80%
1960 7 L Linda
80%
1950 37 L Lisa
80%
1960 1 L Lisa
80%
1970 6 L Lisa
80%
1980 31 L Lisa
80%
1960 35 A Amy
79%
1970 2 A Amy
79%
1980 15 A Amy
79%
1950 42 J Julie
79%
1960 18 J Julie
79%
1970 18 J Julie
79%
1950 28 R Rebecca
79%
1960 41 R Rebecca
79%
1970 13 R Rebecca
79%
1980 22 R Rebecca
79%
1990 24 R Rebecca
79%
1900 11 A Alice
78%
1910 13 A Alice
78%
1920 15 A Alice
78%
1930 22 A Alice
78%
1940 41 A Alice
78%
1900 19 G Grace
78%
1910 26 G Grace
78%
1920 43 G Grace
78%
1900 48 J Julia
78%
1910 47 J Julia
78%
1920 18 B Barbara
77%
1930 3 B Barbara
77%
1940 3 B Barbara
77%
1950 6 B Barbara
77%
1960 21 B Barbara
77%
1980 19 L Lauren
77%
1990 13 L Lauren
77%
1970 17 A Amanda
76%
1980 3 A Amanda
76%
1990 6 A Amanda
76%
1930 29 C Carolyn
76%
1940 12 C Carolyn
76%
1950 25 C Carolyn
76%
1900 16 F Frances
76%
1910 9 F Frances
76%
1920 10 F Frances
76%
1930 19 F Frances
76%
1940 35 F Frances
76%
1900 50 L Lillie
76%
1900 5 R Ruth
76%
1910 5 R Ruth
76%
1920 6 R Ruth
76%
1930 14 R Ruth
76%
1940 34 R Ruth
76%
1980 26 S Samantha
76%
1990 5 S Samantha
76%
1940 16 K Karen
75%
1950 8 K Karen
75%
1960 4 K Karen
75%
1970 25 J Karen
75%
1990 38 O Olivia
75%
1900 7 D Dorothy
74%
1910 3 D Dorothy
74%
1920 2 D Dorothy
74%
1930 6 D Dorothy
74%
1940 20 D Dorothy
74%
1960 33 M Melissa
74%
1970 3 M Melissa
74%
1980 7 M Melissa
74%
1990 31 M Melissa
74%
1960 50 M Michele
74%
1960 9 M Michelle
74%
1970 4 M Michelle
74%
1980 12 M Michelle
74%
1990 32 M Michelle
74%
1910 37 B Betty
73%
1920 4 B Betty
73%
1930 2 B Betty
73%
1940 11 B Betty
73%
1950 35 B Betty
73%
1900 38 E Evelyn
73%
1910 12 E Evelyn
73%
1920 12 E Evelyn
73%
1930 30 E Evelyn
73%
1950 31 C Christine
72%
1960 27 C Christine
72%
1970 22 C Christine
72%
1980 45 C Christine
72%
1940 22 D Diane
72%
1950 17 D Diane
72%
1960 36 D Diane
72%
1900 8 M Marie
72%
1910 11 M Marie
72%
1920 14 M Marie
72%
1930 33 M Marie
72%
1940 48 M Marie
72%
1970 16 C Christina
71%
1980 18 C Christina
71%
1990 40 C Christina
71%
1950 5 D Deborah
71%
1960 12 D Deborah
71%
1950 7 D Debra
71%
1960 24 D Debra
71%
1970 10 N Nicole
71%
1980 8 N Nicole
71%
1990 17 N Nicole
71%
1960 45 S Stephanie
70%
1970 9 S Stephanie
70%
1980 6 S Stephanie
70%
1990 14 S Stephanie
70%
1980 50 A Allison
69%
1990 41 A Allison
69%
1930 26 J Janet
69%
1940 21 J Janet
69%
1950 20 J Janet
69%
1960 47 J Janet
69%
1980 4 A Ashley
68%
1990 2 A Ashley
68%
1900 40 E Eva
68%
1910 45 J Jean
68%
1920 16 J Jean
68%
1930 18 J Jean
68%
1940 36 J Jean
68%
1960 43 K Kim
68%
1930 9 N Nancy
68%
1940 7 N Nancy
68%
1950 9 N Nancy
68%
1960 26 N Nancy
68%
1990 42 A Abigail
67%
1930 23 D Donna
66%
1940 17 D Donna
66%
1950 10 D Donna
66%
1960 8 D Donna
66%
1950 30 T Teresa
66%
1960 25 T Teresa
66%
1960 42 T Theresa
66%
1960 22 A Angela
65%
1970 7 A Angela
65%
1980 27 A Angela
65%
1900 9 F Florence
65%
1910 14 F Florence
65%
1920 21 F Florence
65%
1930 48 S Sandra
65%
1940 6 S Sandra
65%
1950 12 S Sandra
65%
1960 11 S Sandra
65%
1970 44 S Sandra
65%
1900 18 A Annie
64%
1910 33 A Annie
64%
1920 32 A Annie
64%
1930 44 A Annie
64%
1960 30 K Kelly
64%
1970 14 K Kelly
64%
1980 29 K Kelly
64%
1900 27 L Louise
64%
1910 18 L Louise
64%
1920 26 L Louise
64%
1930 41 L Louise
64%
1980 14 M Megan
64%
1990 10 M Megan
64%
1970 46 D Danielle
63%
1980 24 D Danielle
63%
1990 23 D Danielle
63%
1970 8 H Heather
63%
1980 10 H Heather
63%
1990 45 H Heather
63%
1940 8 S Sharon
63%
1950 14 S Sharon
63%
1960 23 S Sharon
63%
1900 32 E Edith
62%
1910 30 E Edith
62%
1920 39 E Edith
62%
1980 41 K Katie
62%
1940 39 P Pamela
62%
1950 13 P Pamela
62%
1960 14 P Pamela
62%
1970 48 P Pamela
62%
1940 26 B Brenda
61%
1950 18 B Brenda
61%
1960 19 B Brenda
61%
1900 13 L Lillian
61%
1910 15 L Lillian
61%
1920 25 L Lillian
61%
1900 29 M Martha
61%
1910 25 M Martha
61%
1920 23 M Martha
61%
1930 24 M Martha
61%
1940 30 M Martha
61%
1950 49 M Martha
61%
1990 28 A Alexandra
60%
1910 32 D Doris
60%
1920 8 D Doris
60%
1930 13 D Doris
60%
1940 44 D Doris
60%
1910 31 E Eleanor
60%
1920 29 E Eleanor
60%
1930 46 E Eleanor
60%
1950 46 P Paula
60%
1970 39 E Erin
59%
1980 28 E Erin
59%
1990 50 E Erin
59%
1980 47 V Vanessa
58%
1900 25 I Irene
57%
1910 17 I Irene
57%
1920 19 I Irene
57%
1930 49 I Irene
57%
1990 29 M Madison
57%
1900 23 C Clara
56%
1910 40 C Clara
56%
1940 18 K Kathleen
56%
1950 15 K Kathleen
56%
1960 32 K Kathleen
56%
1900 42 R Ruby
56%
1910 24 R Ruby
56%
1920 28 R Ruby
56%
1930 45 R Ruby
56%
1980 13 A Amber
55%
1990 20 A Amber
55%
1970 28 A Andrea
55%
1980 33 A Andrea
55%
1900 33 E Esther
55%
1910 36 E Esther
55%
1930 40 J Judith
55%
1940 9 J Judith
55%
1950 34 J Judith
55%
1920 45 J June
55%
1960 31 T Tina
55%
1970 29 T Tina
55%
1980 21 B Brittany
54%
1990 7 B Brittany
54%
1900 37 J Josephine
54%
1910 23 J Josephine
54%
1920 33 J Josephine
54%
1990 46 H Haley
53%
1920 47 M Marion
53%
1960 48 W Wendy
53%
1970 36 W Wendy
53%
1960 5 K Kimberly
52%
1970 5 K Kimberly
52%
1980 17 K Kimberly
52%
1990 36 K Kimberly
52%
1900 15 E Edna
51%
1910 19 E Edna
51%
1920 35 E Edna
51%
1940 15 J Judy
51%
1950 27 J Judy
51%
1970 42 T Tiffany
51%
1980 11 T Tiffany
51%
1990 37 T Tiffany
51%
1960 39 T Tracy
51%
1970 24 T Tracy
51%
1940 47 C Cynthia
50%
1950 11 C Cynthia
50%
1960 10 C Cynthia
50%
1970 31 C Cynthia
50%
1900 12 E Ethel
49%
1910 22 E Ethel
49%
1920 41 E Ethel
49%
1920 17 S Shirley
49%
1930 4 S Shirley
49%
1940 14 S Shirley
49%
1950 33 S Shirley
49%
1990 18 A Alexis
48%
1980 46 A Alicia
48%
1980 36 E Erica
48%
1970 45 M Monica
48%
1910 34 P Pauline
48%
1920 37 P Pauline
48%
1990 9 T Taylor
48%
1900 47 B Beatrice
47%
1910 38 B Beatrice
47%
1900 14 G Gladys
47%
1910 21 G Gladys
47%
1920 31 G Gladys
47%
1910 10 V Virginia
47%
1920 7 V Virginia
47%
1930 15 V Virginia
47%
1940 28 V Virginia
47%
1980 37 C Courtney
46%
1990 22 C Courtney
46%
1930 42 J Janice
46%
1940 23 J Janice
46%
1950 24 J Janice
46%
1930 12 J Joyce
46%
1940 19 J Joyce
46%
1950 29 J Joyce
46%
1950 22 K Kathy
46%
1960 40 K Kathy
46%
1990 12 K Kayla
46%
1960 15 L Lori
46%
1970 32 L Lori
46%
1960 13 T Tammy
46%
1970 23 T Tammy
46%
1990 21 A Alyssa
45%
1920 40 G Gloria
45%
1930 31 G Gloria
45%
1940 27 G Gloria
45%
1950 43 G Gloria
45%
1970 47 S Stacey
45%
1970 38 S Stacy
45%
1950 19 C Cheryl
44%
1960 28 C Cheryl
44%
1950 26 D Denise
44%
1960 29 D Denise
44%
1940 33 B Bonnie
43%
1950 50 B Bonnie
43%
1900 26 G Gertrude
43%
1910 35 G Gertrude
43%
1990 25 J Jasmine
43%
1990 48 K Kaitlyn
43%
1950 39 T Theresa
43%
1900 20 B Bertha
42%
1910 43 B Bertha
42%
1990 26 B Brianna
42%
1900 10 M Mildred
42%
1910 6 M Mildred
42%
1920 9 M Mildred
42%
1930 35 M Mildred
42%
1940 43 C Cheryl
41%
1900 39 E Elsie
41%
1910 46 E Elsie
41%
1910 49 L Lois
41%
1920 22 L Lois
41%
1930 21 L Lois
41%
1940 49 L Lois
41%
1960 37 D Dawn
40%
1970 26 D Dawn
40%
1900 24 H Hazel
40%
1910 27 H Hazel
40%
1920 44 H Hazel
40%
1970 37 C Crystal
39%
1980 20 C Crystal
39%
1920 48 D Dolores
39%
1930 25 D Dolores
39%
1910 29 L Lucille
39%
1920 38 L Lucille
39%
1930 16 M Marilyn
39%
1940 29 M Marilyn
39%
1920 49 R Rita
39%
1900 43 A Agnes
38%
1910 48 A Agnes
38%
1940 46 E Elaine
38%
1900 36 I Ida
38%
1900 30 M Mabel
38%
1970 21 S Shannon
38%
1980 39 S Shannon
38%
1970 43 T Tara
37%
1970 34 A April
36%
1980 40 A April
36%
1980 44 L Lindsay
36%
1980 42 L Lindsey
36%
1970 41 C Carrie
35%
1950 48 C Cindy
35%
1960 46 C Cindy
35%
1990 30 M Morgan
35%
1920 42 P Phyllis
35%
1930 27 P Phyllis
35%
1940 38 P Phyllis
35%
1970 49 T Tonya
35%
1930 50 W Wanda
35%
1940 50 C Connie
34%
1950 40 C Connie
34%
1990 34 C Chelsea
33%
1980 34 J Jamie
33%
1910 39 M Marjorie
33%
1920 20 M Marjorie
33%
1930 43 M Marjorie
33%
1930 20 B Beverly
32%
1940 31 B Beverly
32%
1950 36 B Beverly
32%
1970 40 J Jamie
32%
1980 38 K Kristen
31%
1930 37 P Peggy
31%
1940 42 P Peggy
31%
1950 47 P Peggy
31%
1960 44 R Rhonda
31%
1920 36 N Norma
30%
1930 28 N Norma
30%
1900 45 V Viola
30%
1900 22 B Bessie
29%
1950 44 G Gail
29%
1900 46 N Nellie
29%
1990 33 K Kelsey
28%
1900 34 M Minnie
28%
1920 50 L Lorraine
27%
1930 38 G Geraldine
26%
1900 41 T Thelma
26%
1910 28 T Thelma
26%
1920 34 T Thelma
26%
1960 34 R Robin
25%
1910 42 B Bernice
24%
1920 46 B Bernice
24%
1980 43 K Kristin
24%
1900 31 P Pearl
24%
1900 35 M Myrtle
20%
1990 44 S Shelby
19%
No matching quizzes found
Score Distribution
Percent of People with Each Score
Percentile by Number Answered
Your Score History
You have not taken this quiz